IL MESSAGGIO DEL CUORE DI GESÙ. SETTEMBRE 2000. L'ARTE DI INCORAGGIAMENTO DEI GENITORI. (Record n. 331711)
[ formato base ]
| 000 -LEADER | |
|---|---|
| fixed length control field | 01932nas a2200277Ia 4500 |
| 001 - CONTROL NUMBER | |
| control field | R050-S3125 |
| 003 - CONTROL NUMBER IDENTIFIER | |
| control field | IT-CnALBA |
| 008 - FIXED-LENGTH DATA ELEMENTS--GENERAL INFORMATION | |
| fixed length control field | 170116c99999999xx |||||||||||| ||und|| |
| 040 ## - CATALOGING SOURCE | |
| Original cataloging agency | IT-CnALBA |
| Transcribing agency | IT-CnALBA |
| 041 ## - LANGUAGE CODE | |
| Language code of text/sound track or separate title | ITALIANO |
| 999 ## - SYSTEM CONTROL NUMBERS (KOHA) | |
| Koha Dewey Subclass [OBSOLETE] | NO |
| 100 ## - MAIN ENTRY--PERSONAL NAME | |
| Personal name | TAGGI MAX, SJ. |
| 210 ## - ABBREVIATED TITLE | |
| Abbreviated title | IL MESSAGGIO DEL CUORE DI GESÙ |
| 222 ## - KEY TITLE | |
| Key title | IL MESSAGGIO DEL CUORE DI GESÙ |
| 245 #0 - TITLE STATEMENT | |
| Title | IL MESSAGGIO DEL CUORE DI GESÙ. SETTEMBRE 2000. L'ARTE DI INCORAGGIAMENTO DEI GENITORI. |
| Remainder of title | ORGANO UFFICIALE DELL'APOSTOLATO DELLA PREGHIERA |
| 250 ## - EDITION STATEMENT | |
| Edition statement | 1a ed. |
| 260 ## - PUBLICATION, DISTRIBUTION, ETC. (IMPRINT) | |
| Place of publication, distribution, etc. | TORINO - ROMA |
| Name of publisher, distributor, etc. | APOSTOLATO DELLA PREGHIERA |
| Date of publication, distribution, etc. | 2000 [1° Ed.:2000 - Ed.Ling.Originale: 2000] |
| 300 ## - PHYSICAL DESCRIPTION | |
| Extent | 60 p. |
| 310 ## - CURRENT PUBLICATION FREQUENCY | |
| Current publication frequency | MENSILE |
| 362 ## - DATES OF PUBLICATION AND/OR SEQUENTIAL DESIGNATION | |
| Dates of publication and/or sequential designation | Fascicolo: 9 / Anno: 23 (2000) |
| 500 ## - GENERAL NOTE | |
| General note | BEATIFICAZIONE DI PIO IX. INTENZIONI DI PREGHIERA, RICERCATORI DI VERITÀ, UN SOLO DIO, VENTURINI N. PORTATORI DI VITA, STANCATI T. LETTURE DOMENICHE SETTEMBRE, DE SANTIS L. PREGHIERA GIORNO PER GIORNO, LESSI A. ADORAZIONE, MEMORIA COME UN TEMPIO, BRUZZONE R. M. NOTIZIE ADP. CUORE DI GESÙ E CREATO. BENEDIZIONE VENTI IL SIGNORE, LODE ED ESALTAZIONE NEI SECOLI. MOSCHIARI G. INTERIORITÀ E CONSAPEVOLEZZA, INVITO ALL'ADORAZIONE, BISI M. GIOVANI E CIVILTÀ AMORE. CATTOLICESIMO IN CINA. |
| 501 ## - WITH NOTE | |
| With note | Società San Paolo EM - Piazza San Paolo, 14 - 12051 ALBA (CN) (non commercial uses only) ® Copyright 2017 |
| 520 ## - SUMMARY, ETC. | |
| Summary, etc. | BEATIFICAZIONE DI PIO IX. INTENZIONI DI PREGHIERA, RICERCATORI DI VERITÀ, UN SOLO DIO, VENTURINI N. PORTATORI DI VITA, STANCATI T. LETTURE DOMENICHE SETTEMBRE, DE SANTIS L. PREGHIERA GIORNO PER GIORNO, LESSI A. ADORAZIONE, MEMORIA COME UN TEMPIO, BRUZZONE R. M. NOTIZIE ADP. CUORE DI GESÙ E CREATO. BENEDIZIONE VENTI IL SIGNORE, LODE ED ESALTAZIONE NEI SECOLI. MOSCHIARI G. INTERIORITÀ E CONSAPEVOLEZZA, INVITO ALL'ADORAZIONE, BISI M. GIOVANI E CIVILTÀ AMORE. CATTOLICESIMO IN CINA. |
| 650 ## - SUBJECT ADDED ENTRY--TOPICAL TERM | |
| Topical term or geographic name as entry element | VITA E MISTERO DI CRISTO |
| 942 ## - ADDED ENTRY ELEMENTS (KOHA) | |
| Koha item type | RIVISTA |
| 957 ## - | |
| -- | 1 |
| 999 ## - SYSTEM CONTROL NUMBERS (KOHA) | |
| -- | 1 |
| Withdrawn status | Lost status | Damaged status | Not for loan | Home library | Current library | Date acquired | Total Checkouts | Full call number | Date last seen | Price effective from | Koha item type | Public note |
|---|---|---|---|---|---|---|---|---|---|---|---|---|
| Buone Condizioni | Not For Loan | ALBA - Biblioteca | ALBA - Biblioteca | 16/01/2017 | R050-S3125 | 16/01/2017 | 16/01/2017 | RIVISTA | (data import: 16 gennaio 2017) - By Epidotti, Vaglietti. |